Синтез ультрадисперсных оксидов железа в гиперскоростной струе электроэрозионной плазмы; Химическая физика и актуальные проблемы энергетики

Dades bibliogràfiques
Parent link:Химическая физика и актуальные проблемы энергетики.— 2012.— [С. 257-261]
Autor principal: Свечканева А. А.
Altres autors: Колганова Ю. Л. Юлия Леонидовна, Макарова А. Ф.
Sumari:Заглавие с титульного листа
Idioma:rus
Publicat: 2012
Matèries:
Accés en línia:http://www.lib.tpu.ru/fulltext/c/2012/C03/103.pdf
Format: MixedMaterials Electrònic Capítol de llibre
KOHA link:https://koha.lib.tpu.ru/cgi-bin/koha/opac-detail.pl?biblionumber=230356

MARC

LEADER 00000nla2a2200000 4500
001 230356
005 20231227143045.0
035 |a (RuTPU)RU\TPU\book\251151 
035 |a RU\TPU\book\251143 
090 |a 230356 
100 |a 20130121d2012 k y0rusy50 ca 
101 0 |a rus 
102 |a RU 
105 |a y z 101zy 
135 |a drnn ---uucaa 
181 0 |a i  
182 0 |a b 
200 1 |a Синтез ультрадисперсных оксидов железа в гиперскоростной струе электроэрозионной плазмы  |f А. А. Свечканева, Ю. Л. Колганова, А. Ф. Макарова 
203 |a Текст  |c электронный 
215 |a 1 файл (277 Кб) 
300 |a Заглавие с титульного листа 
320 |a [Библиогр.: с. 261 (3 назв.)] 
337 |a Adobe Reader 
463 1 |0 (RuTPU)RU\TPU\book\250360  |t Химическая физика и актуальные проблемы энергетики  |o сборник тезисов и докладов Всероссийской молодежной конференции, г. Томск, 4 - 6 сентября 2012 г.  |f Национальный исследовательский Томский политехнический университет (ТПУ) ; под ред. Г. В. Кузнецова ; Е. Е. Бульбы ; В. И. Максимова ; А. В. Захаревича ; Т. А. Нагорновой  |v [С. 257-261]  |d 2012 
610 1 |a труды учёных ТПУ 
610 1 |a электронный ресурс 
610 1 |a синтез 
610 1 |a оксид железа 
610 1 |a гиперскоростные струи 
610 1 |a плазма 
700 1 |a Свечканева  |b А. А. 
701 1 |a Колганова  |b Ю. Л.  |c специалист в области электроэнергетики  |c техник-проектировщик Томского технологического университета  |f 1991-  |g Юлия Леонидовна  |3 (RuTPU)RU\TPU\pers\31742  |9 15854 
701 1 |a Макарова  |b А. Ф. 
801 1 |a RU  |b 63413507  |c 20130116 
801 2 |a RU  |b 63413507  |c 20160205  |g RCR 
856 4 |u http://www.lib.tpu.ru/fulltext/c/2012/C03/103.pdf 
942 |c CF